Guess the 1970s song lyrics #67 - Statistics

General Stats
  • This quiz has been taken 31 times
  • The average score is 35 of 68
Answer Stats
Answer % Correct
a
100%
a
100%
a
100%
and
85%
and
85%
we
85%
we
85%
can
77%
you
77%
you
77%
you
77%
your
77%
Good
69%
Good
69%
Good
69%
Good
69%
Good
69%
Good
69%
Good
69%
Good
69%
in
69%
time
69%
when
69%
times
65%
times
65%
times
65%
times
65%
times
65%
times
65%
times
65%
times
65%
got
62%
Not
62%
Not
62%
from
58%
you're
58%
Any
50%
friend
46%
need
46%
out
46%
Ain't
42%
head
42%
Making
35%
above
31%
Easy
31%
getting
31%
getting
31%
lucky
31%
water
31%
credit
27%
em
27%
Hanging
27%
hassled
27%
hustled
27%
Keeping
27%
layoffs
27%
offs
27%
rip
27%
Temporary
27%
under
27%
jiving
23%
surviving
23%
wave
23%
meet
19%
Scratching
19%
payment
15%
Anytime
12%
Anytime
12%
No matching quizzes found
Score Distribution
Percent of People with Each Score
Percentile by Number Answered
Your Score History
You have not taken this quiz